University Home | Library Home | Institutional Repository

Lehninger principles of biochemistry / (Record no. 216109)

MARC details
000 -LEADER
fixed length control field 00862 a2200229 4500
005 - DATE AND TIME OF LATEST TRANSACTION
control field 20260115112134.0
008 - FIXED-LENGTH DATA ELEMENTS--GENERAL INFORMATION
fixed length control field 211104b ||||| |||| 00| 0 eng d
020 ## - INTERNATIONAL STANDARD BOOK NUMBER
International Standard Book Number 9780230226999
040 ## - CATALOGING SOURCE
Original cataloging agency LC
Transcribing agency UNZA
Description conventions RDA
050 ## - LIBRARY OF CONGRESS CALL NUMBER
Classification number QD 415
Item number COX 2008.
100 ## - MAIN ENTRY--PERSONAL NAME
Personal name Cox, Michael M.
Relator term author
245 ## - TITLE STATEMENT
Title Lehninger principles of biochemistry /
Statement of responsibility, etc. Michael M. Cox, Professor of Biochemistry, University of Wisconsin - Madison; David L. Nelson, Professor of Biochemistry University of Wisconsin-Madison .
260 ## - PUBLICATION, DISTRIBUTION, ETC.
Place of publication, distribution, etc. New York :
Name of publisher, distributor, etc. W. H. Freeman and Company,
Date of publication, distribution, etc. 2008.
300 ## - PHYSICAL DESCRIPTION
Extent xxix, 1158 pages [ and other various pages] :
Other physical details illustrations.
336 ## - CONTENT TYPE
CONTENT TYPE Text
337 ## - MEDIA TYPE
MEDIA TYPE Unmediated
338 ## - CARRIER TYPE
CARRIER TYPE Volume
504 ## - BIBLIOGRAPHY, ETC. NOTE
Bibliography, etc. note Includes bibliographical references and index.
650 ## - SUBJECT ADDED ENTRY--TOPICAL TERM
Topical term or geographic name entry element Biochemistry.
700 ## - ADDED ENTRY--PERSONAL NAME
Personal name Nelson, David L.
Titles and other words associated with a name Professor
Relator term author.
999 ## -
-- 216109
-- 216109
942 ## - ADDED ENTRY ELEMENTS (KOHA)
Koha item type Book
Holdings
Withdrawn status Lost status Source of classification or shelving scheme Damaged status Not for loan Collection code Home library Current library Shelving location Date acquired Total Checkouts Full call number Barcode Date last seen Copy number Cost, replacement price Price effective from Koha item type
    Library of Congress Classification     Non-fiction Nursing Sciences Nursing Sciences On Shelf 01/15/2026   QD 415 COX 2008. 33729004877234 01/15/2026 1 300.00 01/15/2026 Book
    Library of Congress Classification     Non-fiction Nursing Sciences Nursing Sciences On Shelf 01/19/2026   QD 415 COX 2008. 33729004878109 01/19/2026 2 300.00 01/19/2026 Book
© 2026 - The University of Zambia Library - Koha v25.11